Регионална библиотека "Любен Каравелов" - Русе

Любовта е само дума (Запис номер 177040)

MARC детайли
000 -Лидер
Контролно поле с фиксирана дължина nam a22 a 4500
003 - Код на организацията, давaща контролен номер
Контролно поле BLK
005 - Дата и час на последна редакция
Контролно поле 20230328115645.0
008 - Елементи от данни с фиксирана дължина
fixed length control field 180411b bul|||||r ||||||| ||bul||
010 ## - Наследен системен номер
LC control number KNG00185677000
020 ## - Международен стандартен номер на книга ISBN
Международен стандартен номер на книга ISBN 978-954-399-114-3
040 ## - Източник на каталожния запис
Идентификатор на билиотеката - собственик на записа BLK
041 ## - Код за език
Код за езика на текст/звукозапис или на отделно заглавие Български
Код за езика КДБФ Български
080 ## - УДК
Текстов определител УДК Австрийска литература
УДК код - определител по УДК 821.112(436)
УДК определител -31
УДК - код + определител 821.112(436)-31
100 1# - Редна дума - Автор
Автор Зимел, Йоханес Марио
Авторска отговорност първи автор
R(LIN) 252639
139 ## - Редно поле
Редна дума Зимел, Йоханес Марио
Авторски знак Зим - З 64
245 10 - Сведения за заглавието
Заглавие Любовта е само дума
Редно поле (дума) Йоханес Марио Зимел; прев. от нем. Михаил Лазаров.
250 ## - Област на изданието
Сведения за изданието [2. изд.]
257 ## - Страна на издаване
Страна на създаване/издаване Австрия
260 ## - Област на издателските данни
Място на издаване, разпространение и проч. София
Име на издателя, разпространителя и проч. СББ Медиа
Година на издаване 2015
Информация за издателството Санома Блясък България
Печатница София : Ропринт
9 (RLIN) 219405
Издателство - префикс ISBN 978-954-399-
300 ## - Физическа характеристика
Страници 424 с.
Размери/Мащаб 20 см
380 ## - Жанр
Жанр Худож. лит.
490 ## - СЕРИИ (Колекции)
Име на серия Световни бестселъри
№: серия 2
9 (RLIN) 207069
500 ## - Общи забележки
Забележка 1. изд. 2002 на изд. Еднорог. - Ориг. загл. Libe ist nur ein Wort / Johannes Mario Simmel. - В кн. означено 1. изд. - Кн. се разпространява със сп. Журнал за жената.
653 ## - Ключова дума – ненормативна
Ключова дума романи
700 ## - Други автори (авторска отговорност)
Лично име Лазаров, Михаил
Автороска отговорност (Описва отношението между автора и произведението) прев. от нем.
9 (RLIN) 366922
852 ## - Местоположение
Форматна сигнатура Цб 278752
Фондова буква Хранилище
852 ## - Местоположение
Фондова буква Заемна - подръчен фонд
Систематично-азбучна сигнатура 821-31/ З 64 И
856 4# - Електронен адрес и достъп
Електронен формат pdf - файл
Инструкция (цена за достъп) 0.00
Права за достъп disable
856 4# - Електронен адрес и достъп
Електронен формат pdf - файл
Инструкция (цена за достъп) 0.00
Права за достъп disable
999 ## - СИСТЕМНИ КОНТРОЛНИ НОМЕРА
Koha biblionumber 177040
Koha biblioitemnumber 177040
942 ## - АРТИКУЛИ
Вид на библиотечния материал Книги
Скрит в OPAC Не
Koha issues (borrowed), all copies 2
Периодичен библиозапис Да
944 ## - СЪЗДАВАНЕ И РЕДАКЦИЯ на ЗАПИСА
Създаване/Редакция Създаване
Дата на регистрацията/редакция 21.12.2015
Статус, дата на статуса
Служител, извършил регистрацията/редакцията Виолета_Тройчева
944 ## - СЪЗДАВАНЕ И РЕДАКЦИЯ на ЗАПИСА
Създаване/Редакция Редакция
Дата на регистрацията/редакция 2023-03-28
Служител, извършил регистрацията/редакцията ир
999 ## - СИСТЕМНИ КОНТРОЛНИ НОМЕРА
Koha biblioitemnumber 177040
Наличности
Код за отписване Код за изгубен артикул Източник на класификационната схема Код за повреда Коз за рестрикции Код за отдаване Артикулен № Име на библиотеката - собственик Име на библиотеката, в която се намира в момента Статус (Текущо местоположение) Дата на вписване в системата Местоположение - отдел Цена в лева Инвентарен номер Систематично азбучна сигнатура Баркод Номер на екземпляра Цена в евро Служебна бележка Служебен тип на артикула
Изтеглен Не е изгубен Universal Decimal Classification Не е повреден без рестрикции заемане за дома 304514 Регионална библиотека "Любен Каравелов" Русе Регионална библиотека "Любен Каравелов" Русе Заемна - подръчен фонд 2015-12-28 Заемна - подръчен фонд 15.00 120000796332 П 830-31/З 64 120000796332 1 7.67 Дост: DA Вид: А N: 27 Дата: 28.12.2015 Дата инв: 12.02.2018 Бележки инв: П2018 Книги
  Не е изгубен   Не е повреден без рестрикции ползва се в читалня 304515 Регионална библиотека "Любен Каравелов" Русе Регионална библиотека "Любен Каравелов" Русе Хранилище 2016-01-18 Хранилище 15.00 120000796789 Цб 278752 120000796789 2 7.67 Дост: Dp Вид: Д N: 50 Дата: 01.12.2015 Книги
  Не е изгубен Universal Decimal Classification Не е повреден без рестрикции заемане за дома 926042 Регионална библиотека "Любен Каравелов" Русе Регионална библиотека "Любен Каравелов" Русе Заемна - подръчен фонд 2023-03-30 Заемна - подръчен фонд 10.00 120000885278 821-31/З 64 И 120000885278   5.11   Книги
Vip Innovations Ltd, Rousse, Bulgaria 2025